| 000 | 00831nam a2200241Ia 4500 | ||
|---|---|---|---|
| 005 | 20150127124558.0 | ||
| 010 | _aBAC-EN21 ENG-111903 | ||
| 020 |
_a9788131522974 _c550.00 |
||
| 020 |
_a8131522970 _c550.00 |
||
| 035 | _aB-586392-419 | ||
| 035 | _aEN-95435 | ||
| 037 |
_bAsian Book Centre/Ven _adpl |
||
| 037 | _bDBAD/PUB | ||
| 082 | _a530 | ||
| 100 | _aSharma, B.M. | ||
| 245 |
_aPhysics for joint entrance examination JEE(Advanced) : _cby B.M.Sharma _bwaves & thermodynamics / |
||
| 250 | _a2nd ed. | ||
| 260 |
_c2014 _aDelhi _bCengage Learning |
||
| 270 |
_a418, F.I.E.,Patparganj _bDelhi _e110092 |
||
| 300 |
_c28cm(pbk) _avarious pagings : _bill. |
||
| 942 |
_cEN _2ddc _h530 _mSHA |
||
| 999 |
_c87965 _d87965 |
||